Statistiques concernant Top 10 des pays avec le plus de locuteurs espagnols

Cliquez ici pour prendre le quiz!

Statistiques générales

  • Ce quiz a été pris 1 732 fois
  • Le résultat moyen est 9 sur 10

Statistiques - réponses

%#Pays% Correct
7434,4 milEspagne
99%
9944,7 milArgentine
97%
93123 milMexique
96%
9949,4 milColombie
94%
9918,2 milChili
93%
8427,7 milPérou
91%
9832,1 milVenezuela
91%
9315,9 milÉquateur
80%
1342,8 milEtats-Unis
79%
9911,4 milCuba
69%

Distribution des résultats

Percentile par nombre de réponses

% des personnes avec chaque résultat

Votre développement - résultats

Vous n’avez pas pris ce quiz